[Event "Hessen-ch U18"]
[Site "Bad Homburg"]
[Date "2012.??.??"]
[Round "2"]
[White "Schneider, Marcel"]
[Black "Liez, Franziska"]
[Result "1/2-1/2"]
[WhiteElo "1766"]
[BlackElo "1957"]
[PlyCount "42"]
[EventDate "2012.04.??"]
[EventType "swiss"]
[EventRounds "9"]
[EventCountry "GER"]
[SourceTitle "EXT 2015"]
[Source "ChessBase"]
[SourceDate "2014.11.20"]
[SourceVersion "1"]
[SourceVersionDate "2014.11.20"]
[SourceQuality "1"]

1. e4 e5 2. Nf3 Nc6 3. Nc3 Nf6 4. d4 Bb4 5. Nxe5 Qe7 6. Nxc6 Qxe4+ 7. Be2 Qxc6 8. Bd2 0-0 9. 0-0 d5 10. Bf3 Bd6 11. Re1 Bf5 12. Bg5 Ne4 13. Nxe4 Bxe4 14. Bxe4 dxe4 15. d5 Qe8 16. c4 h6 17. Be3 Qe5 18. g3 b6 19. Bd4 Qe7 20. Re3 f5 21. f4 Rad8 1/2-1/2

[Event "Hessen-ch U18"]
[Site "Bad Homburg"]
[Date "2012.??.??"]
[Round "9"]
[White "Schneider, Marcel"]
[Black "Medvedovski, Michael"]
[Result "0-1"]
[WhiteElo "1766"]
[BlackElo "1922"]
[PlyCount "58"]
[EventDate "2012.04.??"]
[EventType "swiss"]
[EventRounds "9"]
[EventCountry "GER"]
[SourceTitle "EXT 2015"]
[Source "ChessBase"]
[SourceDate "2014.11.20"]
[SourceVersion "1"]
[SourceVersionDate "2014.11.20"]
[SourceQuality "1"]

1. e4 c5 2. Nf3 Nc6 3. d4 cxd4 4. Nxd4 e5 5. Nb5 d6 6. N1c3 a6 7. Na3 b5 8. Nd5 Nge7 9. c4 Nxd5 10. exd5 Nd4 11. cxb5 Bd7 12. bxa6 Qa5+ 13. Qd2 Qxd5 14. f3 Be7 15. Bd3 Bh4+ 16. Kf1 Qc6 17. Qe3 0-0 18. g3 Bg5 19. Qe4 Bf5 20. Qxc6 Bxd3+ 21. Kf2 Nxc6 22. Bxg5 h6 23. Bd2 Rfb8 24. Bc3 f5 25. Nb1 d5 26. Rd1 e4 27. Rxd3 exd3 28. b3 d4 29. Bb2 Re8 0-1

[Event "Hessen-ch U18"]
[Site "Bad Homburg"]
[Date "2012.??.??"]
[Round "4"]
[White "Schneider, Marcel"]
[Black "Mueller, Markus1"]
[Result "0-1"]
[WhiteElo "1766"]
[BlackElo "1725"]
[PlyCount "52"]
[EventDate "2012.04.??"]
[EventType "swiss"]
[EventRounds "9"]
[EventCountry "GER"]
[SourceTitle "EXT 2015"]
[Source "ChessBase"]
[SourceDate "2014.11.20"]
[SourceVersion "1"]
[SourceVersionDate "2014.11.20"]
[SourceQuality "1"]

1. e4 c5 2. Nf3 a6 3. c4 e6 4. Nc3 Qc7 5. a3 b6 6. d4 cxd4 7. Nxd4 Bb7 8. Be2 Nf6 9. f3 d6 10. Be3 Nbd7 11. 0-0 Be7 12. Rc1 0-0 13. Kh1 Rac8 14. g4 Ne5 15. g5 Nfd7 16. Qe1 Nc5 17. Rd1 Rcd8 18. Rg1 Qd7 19. b3 Ng6 20. Qg3 d5 21. cxd5 exd5 22. e5 Qc7 23. Nf5 Nxb3 24. Bxb6 Qxb6 25. Nxg7 Kxg7 26. Qh3 Rh8 0-1

[Event "Zuerich op-B 34th"]
[Site "Zuerich"]
[Date "2010.12.29"]
[Round "6"]
[White "Haas, Adrian"]
[Black "Schneider, Marcel"]
[Result "0-1"]
[WhiteElo "1847"]
[BlackElo "1939"]
[PlyCount "52"]
[EventDate "2010.12.26"]
[EventType "swiss"]
[EventRounds "7"]
[EventCountry "SUI"]
[SourceTitle "CBM 140 Extra"]
[Source "ChessBase"]
[SourceDate "2011.03.01"]
[SourceVersion "1"]
[SourceVersionDate "2011.03.01"]
[SourceQuality "1"]

1. e4 c5 2. Nf3 d6 3. Bb5+ Bd7 4. Bxd7+ Qxd7 5. 0-0 Nc6 6. c3 Nf6 7. Qe2 g6 8. d4 cxd4 9. cxd4 Bg7 10. Nc3 0-0 11. Bf4 Nh5 12. Be3 b6 13. Rac1 Rac8 14. Qd2 Rfe8 15. Bg5 Nf6 16. Rfe1 Na5 17. b3 Nc6 18. Nd5 Nh5 19. e5 dxe5 20. dxe5 f6 21. exf6 exf6 22. Rxe8+ Qxe8 23. Be3 Rd8 24. Rxc6 Qe4 25. Nxf6+ Bxf6 26. Qc1 Qxc6 0-1

[Event "SUI-ch HT1"]
[Site "Lenzerheide"]
[Date "2006.07.16"]
[Round "4"]
[White "Schneider, Marcel"]
[Black "Heinatz, Gundula"]
[Result "0-1"]
[WhiteElo "2115"]
[BlackElo "2225"]
[PlyCount "54"]
[EventDate "2006.07.13"]
[EventType "swiss"]
[EventRounds "7"]
[EventCountry "SUI"]
[SourceTitle "CBM 113 Extra"]
[Source "ChessBase"]
[SourceDate "2006.09.14"]
[SourceVersion "1"]
[SourceVersionDate "2006.09.14"]
[SourceQuality "1"]

1. e4 g6 2. d4 Bg7 3. Nc3 d6 4. h3 a6 5. a4 b6 6. Nf3 Bb7 7. Bc4 e6 8. 0-0 Ne7 9. Bg5 h6 10. Bh4 Nd7 11. Re1 0-0 12. Qd2 Kh7 13. Rad1 Qe8 14. Bg3 Rd8 15. Qe2 Nb8 16. Bb3 c6 17. Qd2 b5 18. d5 cxd5 19. exd5 e5 20. axb5 axb5 21. Ra1 Na6 22. Qe2 Nc5 23. Ra7 Ra8 24. Rxa8 Qxa8 25. Nxb5 Nxb3 26. cxb3 Ba6 27. Ra1 Bxb5 0-1

[Event "Samnaun HT1"]
[Site "Samnaun"]
[Date "2004.07.13"]
[Round "6"]
[White "Schneider, Marcel"]
[Black "Bhend, Edwin"]
[Result "0-1"]
[WhiteElo "2127"]
[BlackElo "2257"]
[PlyCount "40"]
[EventDate "2004.07.08"]
[EventType "swiss"]
[EventRounds "9"]
[EventCountry "SUI"]
[SourceTitle "EXT 2005"]
[Source "ChessBase"]
[SourceDate "2004.11.15"]
[SourceVersion "1"]
[SourceVersionDate "2004.11.15"]
[SourceQuality "1"]

1. d4 d5 2. c4 Nc6 3. Nf3 Bg4 4. e3 e5 5. dxe5 dxc4 6. Qa4 Bxf3 7. gxf3 Qd5 8. e4 Qxe5 9. Qxc4 Bb4+ 10. Nd2 Nge7 11. a3 Ba5 12. Rb1 0-0 13. b4 Bb6 14. Nb3 Qf6 15. Qe2 Nd4 16. Nxd4 Bxd4 17. f4 Bc3+ 18. Bd2 Rfd8 19. Rd1 Rxd2 20. Rxd2 Rd8 0-1

[Event "Winterthur op"]
[Site "Winterthur"]
[Date "2003.10.05"]
[Round "3"]
[White "Schneider, Marcel"]
[Black "Haas, Carmi"]
[Result "1/2-1/2"]
[WhiteElo "2129"]
[BlackElo "2211"]
[PlyCount "68"]
[EventDate "2003.10.03"]
[EventType "swiss"]
[EventRounds "9"]
[EventCountry "SUI"]
[SourceTitle "CBM 096 Extra"]
[Source "ChessBase"]
[SourceDate "2003.10.22"]
[SourceVersion "2"]
[SourceVersionDate "2003.10.20"]
[SourceQuality "1"]

1. d4 d5 2. c4 c6 3. Nf3 Nf6 4. Nc3 a6 5. e3 b5 6. b3 Bf5 7. Bd3 Bxd3 8. Qxd3 e6 9. 0-0 Bd6 10. e4 dxe4 11. Nxe4 Nxe4 12. Qxe4 Ra7 13. Bg5 Be7 14. Be3 0-0 15. Ne5 f5 16. Qf4 g5 17. Qf3 f4 18. Bd2 Qxd4 19. Bc3 Qb6 20. Qe4 Bf6 21. h4 Rg7 22. hxg5 Rxg5 23. Nf3 Rg6 24. Qxe6+ Kg7 25. Ne5 Rg5 26. Rad1 Qc5 27. Nd7 Nxd7 28. Rxd7+ Kg6 29. Bxf6 Rxf6 30. Qg8+ Kh5 31. Qxh7+ Rh6 32. Qf7+ Rhg6 33. Qh7+ Rh6 34. Qf7+ Rhg6 1/2-1/2

[Event "Winterthur op"]
[Site "Winterthur"]
[Date "2003.10.04"]
[Round "2"]
[White "Schneider, Marcel"]
[Black "Isler, Peter"]
[Result "1-0"]
[WhiteElo "2129"]
[BlackElo "2062"]
[PlyCount "69"]
[EventDate "2003.10.03"]
[EventType "swiss"]
[EventRounds "9"]
[EventCountry "SUI"]
[SourceTitle "CBM 096 Extra"]
[Source "ChessBase"]
[SourceDate "2003.10.22"]
[SourceVersion "2"]
[SourceVersionDate "2003.10.20"]
[SourceQuality "1"]

1. d4 Nf6 2. c4 g6 3. Nc3 Bg7 4. e4 d6 5. Nf3 0-0 6. Be2 Nc6 7. 0-0 e5 8. d5 Ne7 9. Nd2 Nd7 10. Rb1 f5 11. f3 Nf6 12. b4 f4 13. c5 g5 14. cxd6 cxd6 15. Nc4 Ng6 16. a4 h5 17. b5 Rf7 18. Ba3 Bf8 19. g4 hxg4 20. fxg4 Rh7 21. Kg2 Rh4 22. h3 f3+ 23. Rxf3 Nf4+ 24. Kf1 Bxg4 25. Rxf4 Bxh3+ 26. Kf2 exf4 27. e5 dxe5 28. d6 e4 29. Nd5 Be6 30. Nc7 e3+ 31. Kg1 Bf5 32. Ne5 Bg7 33. Bc4+ Kh7 34. Ne6 Bxe6 35. Qd3+ 1-0

[Event "Baden Casino op 5th"]
[Site "Baden"]
[Date "2000.??.??"]
[Round "7"]
[White "Schneider, Marcel"]
[Black "Eidinger, Helmut"]
[Result "1-0"]
[WhiteElo "2095"]
[BlackElo "2188"]
[PlyCount "99"]
[EventDate "2000.04.??"]
[EventType "swiss"]
[EventRounds "9"]
[EventCountry "SUI"]
[SourceTitle "EXT 2001"]
[Source "ChessBase"]
[SourceDate "2000.11.22"]
[SourceVersion "1"]
[SourceVersionDate "2000.11.22"]
[SourceQuality "1"]

1. e4 c5 2. Nf3 Nc6 3. d4 cxd4 4. Nxd4 Nf6 5. Nc3 d6 6. Bg5 e6 7. Bb5 Bd7 8. Bxc6 bxc6 9. Qf3 h6 10. Bh4 g5 11. Bg3 g4 12. Qd3 e5 13. Nde2 Be7 14. Bh4 Be6 15. Rd1 Qb6 16. Bxf6 Bxf6 17. Qxd6 Rd8 18. Qa3 Rxd1+ 19. Nxd1 h5 20. 0-0 h4 21. Ne3 Rg8 22. Nf5 Bxf5 23. exf5 Rg5 24. Qd3 Kf8 25. b3 Kg7 26. Kh1 Qc5 27. c4 a5 28. Qe4 Qd6 29. f3 gxf3 30. Qxf3 e4 31. Qxe4 Qd2 32. Nf4 Qxa2 33. Nh3 Rh5 34. Qg4+ Kh6 35. Nf4 Rg5 36. Qxh4+ Kg7 37. Qh3 Be5 38. f6+ Kg8 39. Qc8+ Kh7 40. Qh3+ Kg8 41. g3 Qxb3 42. Qc8+ Kh7 43. Qxc6 Qc2 44. Qd5 Bxf4 45. Qxf7+ Kh6 46. Qf8+ Kg6 47. Qe8+ Kh7 48. Qe7+ Kg6 49. f7 Qxc4 50. f8N+ 1-0